THE CPD CURRICULUM: CREATING CONDITIONS FOR GROWTH (Record no. 216543)
[ view plain ]
| 000 -LEADER | |
|---|---|
| fixed length control field | 00598nam a22001817a 4500 |
| 008 - FIXED-LENGTH DATA ELEMENTS--GENERAL INFORMATION | |
| fixed length control field | 260204b |||||||| |||| 00| 0 eng d |
| 020 ## - INTERNATIONAL STANDARD BOOK NUMBER | |
| International Standard Book Number | 978-178583569-8 |
| 050 ## - LIBRARY OF CONGRESS CALL NUMBER | |
| Classification number | LB 1737 .E57 2021 |
| 100 ## - MAIN ENTRY--PERSONAL NAME | |
| Personal name | ENSER, ZOE |
| 245 ## - TITLE STATEMENT | |
| Title | THE CPD CURRICULUM: CREATING CONDITIONS FOR GROWTH |
| 260 ## - PUBLICATION, DISTRIBUTION, ETC. | |
| Place of publication, distribution, etc. | CARMARTHEN, WALES |
| Name of publisher, distributor, etc. | CROWN HOUSE PUBLISHING LIMITEDD |
| Date of publication, distribution, etc. | 2021 |
| 300 ## - PHYSICAL DESCRIPTION | |
| Extent | vii, 141 P , ILL |
| 500 ## - GENERAL NOTE | |
| General note | INCLUDES BIBLIOGRAPHY |
| 650 ## - SUBJECT ADDED ENTRY | |
| Topical term or geographic name entry element | 1.TEACHERS-IN- SERVICE TRAINING 2. PROFESSIONAL DEVELOPMENT EDUCATION |
| 700 ## - ADDED ENTRY--PERSONAL NAME | |
| Personal name | ENSER MARK, CAROLINE BARLOW |
| 942 ## - ADDED ENTRY ELEMENTS (KOHA) | |
| Source of classification or shelving scheme | Library of Congress Classification |
| Koha item type | Long Loan Book |
| Withdrawn status | Lost status | Source of classification or shelving scheme | Damaged status | Not for loan | Collection | Home library | Current library | Shelving location | Date acquired | Inventory number | Total checkouts | Full call number | Barcode | Date last seen | Copy number | Price effective from | Koha item type |
|---|---|---|---|---|---|---|---|---|---|---|---|---|---|---|---|---|---|
| Library of Congress Classification | Arts & Social Sciences | Kisii University Library | Kisii University Library | On Display | 02/04/2026 | 111257 | LB 1731 .E57 2021 | 50368 | 02/04/2026 | 1 | 02/04/2026 | Long Loan Book | |||||
| Library of Congress Classification | Arts & Social Sciences | Kisii University Library | Kisii University Library | On Display | 02/04/2026 | 111258 | LB 1731 .E57 2021 | 50372 | 02/04/2026 | 2 | 02/04/2026 | Long Loan Book | |||||
| Library of Congress Classification | Arts & Social Sciences | Kisii University Library | Kisii University Library | On Display | 02/04/2026 | 111259 | LB 1731 .E57 2021 | 50375 | 02/04/2026 | 3 | 02/04/2026 | Long Loan Book | |||||
| Library of Congress Classification | Arts & Social Sciences | Kisii University Library | Kisii University Library | On Display | 02/04/2026 | 111260 | LB 1731 .E57 2021 | 50366 | 02/04/2026 | 4 | 02/04/2026 | Long Loan Book | |||||
| Library of Congress Classification | Arts & Social Sciences | Kisii University Library | Kisii University Library | On Display | 02/04/2026 | 111261 | LB 1731 .E57 2021 | 50393 | 02/04/2026 | 5 | 02/04/2026 | Long Loan Book |